00391nam a22001457a 450000500170000000800410001702000150005804100120007308200110008510000130009624500290010926000570013830000250019565000250022020231026144633.0231026b |||||||| |||| 00| 0 eng d a0409014427 aEnglish a346.7  lEnglish  aUsury Act No. 73 of 1968 aDurban : bButterworths Publishers (Pty) Ltd, c1998 b325 pages ; c26 cm. aLegal practice bLaw